| 000 | 00831cam a22001931a 4500 | ||
|---|---|---|---|
| 003 | OSt | ||
| 005 | 20150408114008.0 | ||
| 008 | 040406s2010 jo f 00010 ara c | ||
| 040 |
_aMU _bara _cMB |
||
| 082 | 0 | 0 |
_a210.3 _221 _bق م ح |
| 100 | 1 |
_aالقنوجي، محمد صديق بن حسن بن علي، _99645 _d1248-1307 |
|
| 245 | 1 | 0 |
_aحسن الأسوة بما ثبت عن الله ورسوله في النسوة _cتأليف أبي الطيب صديق حسن خان بن علي البخاري القنوجي، حققه وخرج احاديث |
| 260 |
_aبيروت _bمكتبة دار البيان _c2008 |
||
| 300 |
_a656 ص. ؛ _c24 سم. |
||
| 650 | 7 |
_aالمرأة المسلمة _2aucsh _99646 |
|
| 650 | 7 |
_aالمراة في الاسلام _91668 |
|
| 700 |
_aعيون ،بشير محمد _99647 |
||
| 942 |
_2ddc _cBOOK |
||
| 999 |
_c20777 _d255277 |
||